000 00243nam a22000977a 4500
041 _aeng
080 _a80
100 _aБаранцев, К. Т.
245 _aКурс лексикології сучасної англ. мови
999 _c280516
_d280516
942 _cBK